Konkurenceschopnost zemí V4 z hlediska strategie Evropa 2020

Konkurencieschopnosť EÚ podľa stratégie Európa 2020. Vzťah Indexu konkurencieschopnosti Európa 2020 k jej najvýznamnejším iniciatívam. Konkurencieschopnosť krajín Vyšehradskej skupiny podľa Indexu Európa 2020.

Salvato in:
Dettagli Bibliografici
Autore principale: Kliková, Christiana
Natura: Capitolo di libro
Lingua:ceco
Soggetti:
Tags: Aggiungi Tag
Nessun Tag, puoi essere il primo ad aggiungerne!!

MARC

LEADER 00000nla a2200000 4500
001 0206150
005 20240417075059.9
041 0 |a cze 
044 |a SK 
245 1 0 |a Konkurenceschopnost zemí V4 z hlediska strategie Evropa 2020  |c Christiana Kliková 
520 |a Konkurencieschopnosť EÚ podľa stratégie Európa 2020. Vzťah Indexu konkurencieschopnosti Európa 2020 k jej najvýznamnejším iniciatívam. Konkurencieschopnosť krajín Vyšehradskej skupiny podľa Indexu Európa 2020. 
610 2 0 |a Vyšehradská štvorka 
610 2 0 |a Európska únia 
610 2 0 |a Slovensko 
610 2 0 |a porovnanie medzinárodné 
610 2 0 |a konkurencieschopnosť 
100 1 |a Kliková, Christiana